Najlepszy ovr Cristiano Ronaldo w Fifie - Statystyki

Ogólne statystyki
  • Ten quiz został rozwiązany 74 razy
  • Średni wynik to 9 z 10
Statystyki odpowiedzi
Fifa Ovr % Poprawnych
21 91
100%
25 93
100%
20 93
100%
19 94
100%
23 90
98%
22 90
98%
24 86
97%
18 99
85%
17 99
85%
16 99
85%
Nie znaleziono quizów pasujących do podanych kryteriów
Rozkład punktacji
Procent ludzi z każdym wynikiem
Percentyl według liczby udzielonych odpowiedzi
Twoja historia wyników
Nie rozwiązałeś tego quizu